Belgijskie miasta - nagła śmierć - Statystyki

Ogólne statystyki
  • Ten quiz został rozwiązany 181 razy
  • Średni wynik to 9 z 12
Answers on the Grid
Answers color-coded by a green-red scale on the quiz's grid according to % correct below.
Antwerpia
Charleroi
Düsseldorf
Braga
Edynburg
Bruksela
Rotterdam
Liège
Medellín
Schaerbeek
Genk
Breda
Brugia
Namur
Utrecht
Groningen
Kortrijk
Leuven
Lagos
Dortmund
Mechelen
Cardiff
Ostenda
Belfast
 
Statystyki odpowiedzi
Odpowiedź % Poprawnych
Antwerpia
96%
Bruksela
90%
Brugia
79%
Liège
78%
Charleroi
77%
Genk
76%
Leuven
64%
Mechelen
64%
Ostenda
63%
Kortrijk
59%
Schaerbeek
56%
Namur
54%
Nie znaleziono quizów pasujących do podanych kryteriów
Rozkład punktacji
Procent ludzi z każdym wynikiem
Percentyl według liczby udzielonych odpowiedzi
Twoja historia wyników
Nie rozwiązałeś tego quizu